A árvore (Registo nº 3825)

Detalhes MARC
000 -Etiqueta do registo
Cabeçalho 00663nam0a2200241 4500
005 - Identificador da versão
Campo de controlo 20240813122045.0
010 ## - Número internacional normalizado dos livros (ISBN)
Número (ISBN) 9726611547
100 ## - Dados gerais de processamento
Dados gerais de processamento 20170511d2000 d y0pory5003 ba
102 ## - Pais de publicação ou produção
País de publicação Portugal
101 0# - Língua de publicação
Língua do texto, banda sonora, etc. Português
215 ## - Descrição física 
Indicação específica da natureza do documento e extensão da espécie 51, [4] p.
Outras indicações físicas il. color
200 1# - Titulo e menção de responsabilidade
Título próprio A árvore
Primeira menção de responsabilidade Sophia de Mello Breyner Andresen
205 ## - Menção da edição
Menção da edição 11ª ed
210 ## - Publicação, Distribuição, etc. 
Lugar da edição, distribuição, etc. [Porto]
Nome do editor, distribuidor, etc. Figueirinhas
Data da publicação, distribuição, etc. 2000
300 ## - Notas gerais 
Texto da nota PNL
606 ## - Nome comum usado como assunto
Número de registo de entrada de autoridade 0001335
Palavra de ordem Literatura portuguesa
Subdivisão de assunto Conto
Código do sistema CA
675 ## - Classificação Decimal Universal (CDU)
Notação 821.134.3-34
Edição 3ª ed.
Língua da edição por
700 #1 - Nome de autor-pessoa física (responsabilidade principal)
Número de registo de entrada de autoridade 0000157
Palavra de ordem Andresen
Outra parte do nome não tomada para palavra de ordem Sofia de Melo Breyner
Datas 1919-2004
966 ## - Identificação da Biblioteca
Sigla EBVEN
942 ## - Elementos de entrada adicionados (Koha)
Tipo de item no Koha Livro
Exemplares
Situação do levantamento Origin of item (home branch) (coded) Biblioteca de empréstimo Código de barras Cota Circulation type (not for loan) Tipo de documento Nota do exemplar Damaged status
  Biblioteca Escolar das Vendas Biblioteca Escolar das Vendas BEV179 8POR AND PNL   Livro Sem mensagem  
  Biblioteca Escolar das Vendas Biblioteca Escolar das Vendas BEV178 8POR AND PNL   Livro Sem mensagem  
  Biblioteca Escolar das Vendas Biblioteca Escolar das Vendas BEV951 8POR AND PNL   Livro Sem mensagem  
  Biblioteca Escolar das Vendas Biblioteca Escolar das Vendas BEV1401 8POR AND PNL   Livro Sem mensagem